Cartas de amor del profeta / (Record no. 11317)
[ view plain ]
| 000 -CABECERA | |
|---|---|
| campo de control de longitud fija | 00958nam a2200265 a 4500 |
| 001 - NÚMERO DE CONTROL | |
| campo de control | 000011624 |
| 005 - FECHA Y HORA DE LA ÚLTIMA TRANSACCIÓN | |
| campo de control | 20240306165610.0 |
| 008 - DATOS DE LONGITUD FIJA--INFORMACIÓN GENERAL | |
| campo de control de longitud fija | 091021s2000 sp 000 i spa d |
| 020 ## - NÚMERO INTERNACIONAL ESTÁNDAR DEL LIBRO | |
| Número Internacional Estándar del Libro | 8495501945 |
| 040 ## - FUENTE DE LA CATALOGACIÓN | |
| Centro catalogador/agencia de origen | DO-SdBNP |
| Lengua de catalogación | spa |
| Centro/agencia transcriptor | BNPHU |
| 082 ## - NÚMERO DE LA CLASIFICACIÓN DECIMAL DEWEY | |
| Número de clasificación | 892.7015 |
| Número de documento/Ítem | G447c |
| 100 1# - ENTRADA PRINCIPAL--NOMBRE DE PERSONA | |
| Nombre de persona | Gibran, Kahlil |
| Fechas asociadas al nombre | 1883-1931 |
| 9 (RLIN) | 27512 |
| 240 10 - TÍTULO UNIFORME | |
| Título uniforme | Cartas de amor do profeta |
| Lenguaje de la obra | Portugés |
| 245 10 - MENCIÓN DE TÍTULO | |
| Título | Cartas de amor del profeta / |
| Mención de responsabilidad, etc. | Kahlil Gibran ; traducción, Roser López Montero. |
| 260 ## - PUBLICACIÓN, DISTRIBUCIÓN, ETC. | |
| Lugar de publicación, distribución, etc. | Barcelona, (España) : |
| Nombre del editor, distribuidor, etc. | Ediciones B ; |
| -- | Suma de Letras, |
| Fecha de publicación, distribución, etc. | c2000. |
| 300 ## - DESCRIPCIÓN FÍSICA | |
| Extensión | 111 p. ; |
| Dimensiones | 19 cm. |
| 490 1# - MENCIÓN DE SERIE | |
| Mención de serie | Biblioteca de bolsillo |
| 500 ## - NOTA GENERAL | |
| Nota general | Incluye notas al pie de las páginas. |
| 500 ## - NOTA GENERAL | |
| Nota general | Adaptación de Paulo Coelho. |
| 534 ## - NOTA SOBRE LA VERSIÓN ORIGINAL | |
| Frase introductoria | Título original en portugués: |
| Mención de título del original | Cartas de amor do profeta |
| 650 #4 - PUNTO DE ACCESO ADICIONAL DE MATERIA--TÉRMINO DE MATERIA | |
| Término de materia o nombre geográfico como elemento de entrada | Cartas libanesas |
| 9 (RLIN) | 27513 |
| 650 #4 - PUNTO DE ACCESO ADICIONAL DE MATERIA--TÉRMINO DE MATERIA | |
| Término de materia o nombre geográfico como elemento de entrada | Literatura libanesa |
| 9 (RLIN) | 27514 |
| 700 1# - PUNTO DE ACCESO ADICIONAL--NOMBRE DE PERSONA | |
| Nombre de persona | López Montero, Roser, |
| Término indicativo de función/relación | tr. |
| 9 (RLIN) | 27515 |
| 700 1# - PUNTO DE ACCESO ADICIONAL--NOMBRE DE PERSONA | |
| Nombre de persona | Coelho, Paulo, |
| Fechas asociadas al nombre | 1947- |
| 9 (RLIN) | 13649 |
| Estado de retiro | Estado de pérdida | Restricciones de uso | No para préstamo | Código de colección | Localización permanente | Ubicación/localización actual | Ubicación en estantería | Fecha de adquisición | Número de inventario | Total de préstamos | Signatura topográfica completa | Código de barras | Fecha visto por última vez | Precio válido a partir de | Tipo de ítem Koha |
|---|---|---|---|---|---|---|---|---|---|---|---|---|---|---|---|
| Excluido de préstamo | Monografías: Libros y Folletos | General | General | Depósito | 21.10.2009 | LF1 | 892.7015 G447c | 11624-10 | 25.06.2020 | 25.06.2020 | No se presta | ||||
| Monografías: Libros y Folletos | Patrimonio Dominicano | Patrimonio Dominicano | Orden iniciada | 25.05.2017 | LF1 | 892.7015 G447c | 11624-20 | 25.06.2020 | 25.06.2020 | No se presta |
